| 000 | 00609 a2200157 4500 | ||
|---|---|---|---|
| 003 | Nust | ||
| 005 | 20230526084948.0 | ||
| 040 | _cNust | ||
| 082 | _a004,QUI | ||
| 245 | _aQuickbooks Version 5.0 for Windows / | ||
| 260 |
_aNew York _bIntuit _c1997 |
||
| 505 | _aOverview of QuickBooks (Page-3), Working with lists (Page-31), Your Chart of Accounts (Page-55), Items-your Products and Services (Page-77), Forms (Page-109), Accounts Registers (Page-149), General Printing Information (Page-161), Saving Time (Page-173). | ||
| 650 |
_aComputer-Software _91229 |
||
| 710 |
_aIntuit _9112648 |
||
| 942 |
_cBKB _2ddc |
||
| 999 |
_c175862 _d175862 |
||